<?xml version="1.0" encoding="UTF-8"?>
<collection xmlns="http://www.loc.gov/MARC21/slim">
 <record>
  <leader>05914nam a2200553 a 4500</leader>
  <controlfield tag="001">kal2126</controlfield>
  <controlfield tag="003">Gr-AtHEAL</controlfield>
  <controlfield tag="005">20160505094342.0</controlfield>
  <controlfield tag="006">m        d        </controlfield>
  <controlfield tag="008">160413s2015    gr      s           gre|c</controlfield>
  <datafield tag="020" ind1=" " ind2=" ">
   <subfield code="a">9789606031403</subfield>
  </datafield>
  <datafield tag="040" ind1=" " ind2=" ">
   <subfield code="a">GR-AtHEAL</subfield>
   <subfield code="b">gre</subfield>
   <subfield code="c">GR-AtHEAL</subfield>
  </datafield>
  <datafield tag="082" ind1="0" ind2="4">
   <subfield code="a">519.5</subfield>
   <subfield code="2">23</subfield>
  </datafield>
  <datafield tag="100" ind1="1" ind2=" ">
   <subfield code="a">Πετρίδης, Δημήτριος.</subfield>
   <subfield code="8">1663</subfield>
  </datafield>
  <datafield tag="245" ind1="1" ind2="0">
   <subfield code="a">Ανάλυση πολυμεταβλητών τεχνικών</subfield>
   <subfield code="h">[Ηλεκτρονικός πόρος] </subfield>
   <subfield code="b">Εφαρμογές περιπτώσεων</subfield>
   <subfield code="c">Πετρίδης, ΔημήτριοςΚριτικός αναγνώστης,Σιάρδος, Γεώργιος ; Γραφιστική επιμέλεια,Κουμαρτζής, Νικόλαος ; Τεχνική επιμέλεια,Κουμαρτζής, Νικόλαος.</subfield>
  </datafield>
  <datafield tag="260" ind1=" " ind2=" ">
   <subfield code="a">Αθήνα :</subfield>
   <subfield code="b">Σύνδεσμος Ελληνικών Ακαδημαϊκών Βιβλιοθηκών,</subfield>
   <subfield code="c">c2015.</subfield>
  </datafield>
  <datafield tag="490" ind1=" " ind2=" ">
   <subfield code="a">Ακαδημαϊκά Ηλεκτρονικά Συγγράμματα και Βοηθήματα Κάλλιπος</subfield>
   <subfield code="8">40</subfield>
  </datafield>
  <datafield tag="505" ind1="0" ind2=" ">
   <subfield code="a">Εισαγωγή στην πολυδιάστασηΑνάλυση της πολλαπλής παλινδρόμησης και συσχέτισης (Multiple Regression and Correlation). Διαγνωστικά κριτήρια εγκυρότητας του προτεινόμενου μοντέλου, συντελεστής πρόβλεψης.Πολλαπλή λογιστική παλινδρόμηση: διωνυμική (Binomial), τακτική (Ordinal), ονομαστική (Multinomial). Διαγνωστικά κριτήρια εγκυρότητας των μεθόδωνΑνάλυση των κύριων συνιστωσών (Principal Components Analysis)Παραγοντική ανάλυση (Factor Analysis)Ανάλυση συστάδων (Cluster Analysis)Πολυμεταβλητή ανάλυση της διακύμανσης (MANOVA)Πολλαπλή διακριτική ανάλυση (Multiple Discriminant Analysis)Δενδρική παλινδρόμηση και ταξινόμηση των στοιχείων (CART and CHAID models)Κανονιστική συσχέτιση (Canonical Correlation)Ανάλυση αντιστοιχιών (Correspondence Analysis)Ανάλυση αμοιβαίας μεσοστάθμισης (Reciprocal Averaging)Ανάλυση πλεονασμού (Redundancy Analysis)Ανάλυση κανονιστικών αντιστοιχιών (Canonical Correspondence Analysis)Ολοκληρωμένες εφαρμογές περιπτώσεωνΑνάλυση των ερωτήσεων (Item Analysis)</subfield>
  </datafield>
  <datafield tag="520" ind1=" " ind2=" ">
   <subfield code="a">Η συγγραφή του βιβλίου αυτού απευθύνεται σε όλους τους επιστήμονες που ασχολούνται με την έρευνα σε επίπεδο προπτυχιακής διατριβής, μεταπτυχιακού και διδακτορικού διπλώματος. Το περιεχόμενο πραγματεύεται τις δημοφιλέστερες μεθόδους εφαρμογής πολυμεταβλητών τεχνικών οι οποίες διανθίζονται με πληθώρα παραδειγμάτων απότοκα της μακρόχρονης εμπειρίας του συγγραφέα με παρόμοια έρευνα δημοσιευμένη σε περιοδικά διεθνούς κύρους.Τα παραδείγματα αφορούν μελέτες περιπτώσεων διαφορετικών επιστημονικών πεδίων: Επιστήμη Τροφίμων, Οικολογία Υδρόβιου Περιβάλλοντος, Κοινωνικές Επιστήμες και Εκπαίδευση, Ιατρική Επιστήμη.</subfield>
  </datafield>
  <datafield tag="650" ind1=" " ind2="0">
   <subfield code="a">Multivariate analysis</subfield>
   <subfield code="8">2759</subfield>
  </datafield>
  <datafield tag="653" ind1=" " ind2=" ">
   <subfield code="a">Ανάλυση κανονιστικών αντιστοιχιών</subfield>
  </datafield>
  <datafield tag="653" ind1=" " ind2=" ">
   <subfield code="a">Ανάλυση ερωτήσεων</subfield>
  </datafield>
  <datafield tag="653" ind1=" " ind2=" ">
   <subfield code="a">Ανάλυση αντιστοιχιών</subfield>
  </datafield>
  <datafield tag="653" ind1=" " ind2=" ">
   <subfield code="a">Ανάλυση πλεονασμού</subfield>
  </datafield>
  <datafield tag="653" ind1=" " ind2=" ">
   <subfield code="a">Κανονιστική συσχέτιση</subfield>
  </datafield>
  <datafield tag="653" ind1=" " ind2=" ">
   <subfield code="a">Ανάλυση της αμοιβαίας μεσοστάθμισης</subfield>
  </datafield>
  <datafield tag="653" ind1=" " ind2=" ">
   <subfield code="a">Δενδρική παλισνδρόμηση και ταξινόμηση</subfield>
  </datafield>
  <datafield tag="653" ind1=" " ind2=" ">
   <subfield code="a">Διακριτική ανάλυση</subfield>
  </datafield>
  <datafield tag="653" ind1=" " ind2=" ">
   <subfield code="a">Ανάλυση συστάδων</subfield>
  </datafield>
  <datafield tag="653" ind1=" " ind2=" ">
   <subfield code="a">Ανάλυση κύριων συνιστωσών</subfield>
  </datafield>
  <datafield tag="653" ind1=" " ind2=" ">
   <subfield code="a">Τακτική παλινδρόμηση</subfield>
  </datafield>
  <datafield tag="653" ind1=" " ind2=" ">
   <subfield code="a">Εφαρμογές περιπτώσεων</subfield>
  </datafield>
  <datafield tag="653" ind1=" " ind2=" ">
   <subfield code="a">Πολυμεταβλητή ανάλυση της διακύμανσης</subfield>
  </datafield>
  <datafield tag="653" ind1=" " ind2=" ">
   <subfield code="a">Παραγοντική ανάλυση</subfield>
  </datafield>
  <datafield tag="653" ind1=" " ind2=" ">
   <subfield code="a">Ονομαστική παλινδρόμηση</subfield>
  </datafield>
  <datafield tag="653" ind1=" " ind2=" ">
   <subfield code="a">Διωνυμική παλινδρόμηση</subfield>
  </datafield>
  <datafield tag="653" ind1=" " ind2=" ">
   <subfield code="a">Λογιστική παλινδρόμηση</subfield>
  </datafield>
  <datafield tag="653" ind1=" " ind2=" ">
   <subfield code="a">Διαγνωστικά κριτήρια</subfield>
  </datafield>
  <datafield tag="653" ind1=" " ind2=" ">
   <subfield code="a">Πολλαπλή παλινδρόμηση και συσχέτιση</subfield>
  </datafield>
  <datafield tag="653" ind1=" " ind2=" ">
   <subfield code="a">Πολυμεταβλητή ανάλυση</subfield>
  </datafield>
  <datafield tag="653" ind1=" " ind2=" ">
   <subfield code="a">Μαθηματικά</subfield>
   <subfield code="a">Στατιστική</subfield>
   <subfield code="a">Εφαρμογές σε λοιπές επιστήμες</subfield>
  </datafield>
  <datafield tag="653" ind1=" " ind2=" ">
   <subfield code="a">Μαθηματικά</subfield>
   <subfield code="a">Στατιστική</subfield>
  </datafield>
  <datafield tag="653" ind1=" " ind2=" ">
   <subfield code="a">Μαθηματικά</subfield>
   <subfield code="a">Στατιστική</subfield>
   <subfield code="a">Ανάλυση κατανομών πολλών μεταβλητών</subfield>
  </datafield>
  <datafield tag="700" ind1="1" ind2=" ">
   <subfield code="a">Σιάρδος, Γεώργιος</subfield>
   <subfield code="e">Κριτικός αναγνώστης</subfield>
   <subfield code="8">1664</subfield>
  </datafield>
  <datafield tag="856" ind1="4" ind2="0">
   <subfield code="u">http://hdl.handle.net/11419/2126</subfield>
   <subfield code="z">Πλήρες Κείμενο - Full text</subfield>
  </datafield>
  <datafield tag="907" ind1=" " ind2=" ">
   <subfield code="a">.b2567979x</subfield>
   <subfield code="b">12-06-18</subfield>
   <subfield code="c">29-07-16</subfield>
  </datafield>
  <datafield tag="949" ind1=" " ind2=" ">
   <subfield code="0">0</subfield>
   <subfield code="1">0</subfield>
   <subfield code="2">ddc</subfield>
   <subfield code="4">0</subfield>
   <subfield code="6">519_500000000000000_ΠΕΤ</subfield>
   <subfield code="7">0</subfield>
   <subfield code="8">KALL</subfield>
   <subfield code="8">738</subfield>
   <subfield code="d">2016-04-13</subfield>
   <subfield code="r">2016-04-13</subfield>
   <subfield code="w">2016-04-13</subfield>
   <subfield code="z">519.5 ΠΕΤ</subfield>
   <subfield code="o">SEAB KALLIPOS</subfield>
  </datafield>
  <datafield tag="998" ind1=" " ind2=" ">
   <subfield code="a">80</subfield>
   <subfield code="a">01</subfield>
   <subfield code="a">02</subfield>
   <subfield code="a">03</subfield>
   <subfield code="a">04</subfield>
   <subfield code="a">05</subfield>
   <subfield code="a">06</subfield>
   <subfield code="a">07</subfield>
   <subfield code="a">08</subfield>
   <subfield code="a">09</subfield>
   <subfield code="a">10</subfield>
   <subfield code="a">11</subfield>
   <subfield code="a">12</subfield>
   <subfield code="a">13</subfield>
   <subfield code="a">14</subfield>
   <subfield code="a">15</subfield>
   <subfield code="a">16</subfield>
   <subfield code="a">17</subfield>
   <subfield code="a">18</subfield>
   <subfield code="a">19</subfield>
   <subfield code="a">20</subfield>
   <subfield code="a">21</subfield>
   <subfield code="a">22</subfield>
   <subfield code="a">23</subfield>
   <subfield code="a">24</subfield>
   <subfield code="a">25</subfield>
   <subfield code="a">26</subfield>
   <subfield code="b">15-05-17</subfield>
   <subfield code="c">m</subfield>
   <subfield code="d">z  </subfield>
   <subfield code="e">-</subfield>
   <subfield code="f">gre</subfield>
   <subfield code="g">gr </subfield>
   <subfield code="h">0</subfield>
  </datafield>
  <datafield tag="942" ind1=" " ind2=" ">
   <subfield code="2">ddc</subfield>
   <subfield code="c">KALLIPOS</subfield>
  </datafield>
 </record>
</collection>
